000 00704nam a22002297a 4500
005 20250714150530.0
010 _aENG-145946-947
020 _a9788196783341
_c350.00
020 _a9788196783372
_c995.00
035 _aEN-129478-479
037 _bDBAD
082 _a370.2
_21
100 _aKrishnarathi, A.
_982953
245 _aSchool Management and Administration/
_cA. Krishnarathi [and] S. Vanirani
250 _a1
260 _aNew Delhi
_bNeelkamal
_c2024
270 _a# 4764/1, 23, Ansari Road, Daryaganj,
_bNew Delhi
_e110002
300 _ax, 244p.
_c24cm(pbk)
300 _ax, 244p.
_c25cm(hbk)
700 _aS. Vanirani
_960135
_eAuthor
942 _2ddc
_cEN
_mKRI
_h370.2
999 _c212352
_d212352